| 000 -ლიდერი |
| ფიქსირებული სიგრძის საკონტროლო ველი |
01959nam a2200265 4500 |
| 003 - საკონტროლო ნომრის იდენტიფიკატორი |
| საკონტროლო ველი |
Ge_BSU |
| 005 - ბოლო ოპერაციის თარიღი და დრო |
| საკონტროლო ველი |
20240208120356.0 |
| 008 - ფიქსირებული სიგრძის მონაცემთა ელემენტები - ზოგადი ინფორმაცია |
| ფიქსირებული სიგრძის საკონტროლო ველი |
240208s2011 ge ||||| |||| 00| 0 geo d |
| 020 ## - წიგნის საერთაშორისო სტანდარტული ნომერი |
| International Standard Book Number |
9789941432255 |
| 041 ## - ენის კოდი |
| Language code of text/sound track or separate title |
geo |
| 080 ## - უნივერსალური ათობითი კლასიფიკაციის ინდექსი |
| Universal Decimal Classification number |
821(4)(092) +821(4).09 მ-55 |
| 245 ## - ცნობა სათაურის შესახებ |
| Title |
XX საუკუნის პირველი ნახევრის დასავლეთევროპული ლიტერატურის ისტორია : |
| Remainder of title |
[სახელმძღვ.] / |
| Statement of responsibility, etc |
აკ. წერეთლის სახელმწ. უნ-ტი, ჰუმანიტ. მეცნ. ფაკ-ტი, დასავლეთევრ. და ამერიკული ლიტ. დეპარტამენტი. |
| 264 ## - წარმოების, გამოცემის, დისტრიბუციის და სხვა ცნობები |
| გამოცემის, წარმოების, დისტრიბუციის... ადგილი |
ქუთაისი : |
| გამოცემის, წარმოების, დისტრიბუციის... სახელწოდება |
აკ. წერეთლის სახელმწ. უნ-ტის გამ-ბა და სტ., |
| გამოცემის, წარმოების, დისტრიბუციის... თარიღი |
2011. |
| 300 ## - ფიზიკური აღწერა |
| Extent |
720 გვ. ; |
| Other physical details |
20 სმ. |
| 504 ## - BIBLIOGRAPHY, ETC. NOTE |
| Bibliography, etc |
ბიბლიოგრ. თავების ბოლოს. |
| 653 ## - INDEX TERM--UNCONTROLLED |
| Uncontrolled term |
ევროპელი მწერლები |
| 653 ## - INDEX TERM--UNCONTROLLED |
| Uncontrolled term |
დასავლეთევროპული ლიტერატურის ისტორია და კრიტიკა. |
| 700 ## - ADDED ENTRY--PERSONAL NAME |
| Personal name |
ნოზაძე, ლ. |
| Relator term |
ავტორი |
| 9 (RLIN) |
21211 |
| 700 ## - ADDED ENTRY--PERSONAL NAME |
| Personal name |
მენაბდე, მ. |
| Relator term |
ავტორი |
| 9 (RLIN) |
21212 |
| 700 ## - ADDED ENTRY--PERSONAL NAME |
| Personal name |
ხაჭაპურიძე, ი. |
| Relator term |
ავტორი |
| 9 (RLIN) |
21213 |
| 700 ## - ADDED ENTRY--PERSONAL NAME |
| Personal name |
გოგატიშვილი, ა. და სხვ. |
| Relator term |
ავტორი |
| 9 (RLIN) |
21214 |
| 700 ## - ADDED ENTRY--PERSONAL NAME |
| Personal name |
კაკაურიძე, ნანული |
| Relator term |
რედაქტორი |
| 9 (RLIN) |
11497 |
| 710 ## - ADDED ENTRY--CORPORATE NAME |
| Corporate name or jurisdiction name as entry element |
აკ. წერეთელის სახელმწ. უნ-ტი. ჰუმანიტ. მეცნ. ფაკ-ტი. |
| Subordinate unit |
დასავლეთევრ. და ამერიკული ლიტ. დეპარტამენტი. |
| 9 (RLIN) |
21215 |
| 942 ## - ADDED ENTRY ELEMENTS (KOHA) |
| Source of classification or shelving scheme |
|
| Koha item type |
წიგნი |